Assessment and Evaluation in Education: (Record no. 215172)

MARC details
000 -LEADER
fixed length control field 00642nam a22001817a 4500
005 - DATE AND TIME OF LATEST TRANSACTION
control field 20260228114553.0
010 ## - LCCN (DPL NO)
LC control number BACEN26
020 ## - INTERNATIONAL STANDARD BOOK NUMBER
Terms of availability 1795.00
International Standard Book Number 9789361368370
037 ## - SOURCE OF ACQUISITION
Source of stock number/acquisition N.N. publications
082 ## - DEWEY DECIMAL CLASSIFICATION NUMBER
Classification number 371.26
100 ## - MAIN ENTRY--PERSONAL NAME
Personal name Dhillon, Shamshir Singh
245 ## - TITLE STATEMENT
Title Assessment and Evaluation in Education:
Remainder of title methods and applictions/
Statement of responsibility, etc by Shamshir Singh Dhillon [and] Ranjit Kaur
260 ## - PUBLICATION, DISTRIBUTION, ETC. (IMPRINT)
Name of publisher, distributor, etc N.N. publications
Date of publication, distribution, etc 2025
Place of publication, distribution, etc Delhi
270 ## - ADDRESS
Address 29/502, East end apartments, mayur vihar extn. phase-I
City Delhi
Postal code 110096
300 ## - PHYSICAL DESCRIPTION
Extent 222p.
Dimensions 24cm (hb)
700 ## - ADDED ENTRY--PERSONAL NAME
Personal name Kaur ,Ranjit
9 (RLIN) 87760
942 ## - ADDED ENTRY ELEMENTS (KOHA)
Source of classification or shelving scheme Dewey Decimal Classification
Item type English Books
Classification part 371.26
Call number suffix DHI

No items available.


© Delhi Public Library
Hit Counter
free hit counter